| 000 | 00527nam a2200169Ia 4500 | ||
|---|---|---|---|
| 005 | 20250508160244.0 | ||
| 008 | 008 250505s9999 xx 000 0 eng d | ||
| 037 | _aTextual | ||
| 040 |
_aFEDL _beng _cFEDL |
||
| 041 |
_aeng _2eng |
||
| 084 |
_a372.4, DEN _qFEDL |
||
| 245 | 0 | _aToward better reading: An instructional guide for use in the junior and senior high schools of denver | |
| 260 |
_aDenver _bDenver Public Schools _c1945 |
||
| 300 | _a88p. | ||
| 942 |
_cTEXL _h372.4, DEN |
||
| 999 |
_c1363116 _d1363116 |
||